Países que producen más petroleo en el mundo - Estadísticas

Estadísticas generales
  • Esta prueba ha sido intentada 46 veces
  • La puntuación promedio es 19 de 25
Estadísticas de respuestas
Top Producción
de Petróleo
(bbl/dia)
País % Correcto
13.295.000 Estados Unidos
100%
4.172.000 China
98%
21° 770.000 Venezuela
98%
8.950.000 Arabia Saudita
95%
3.585.000 Brasil
93%
3.300.000 Emiratos Árabes Unidos
93%
10.126.000 Rusia
93%
4.375.000 Irak
91%
4.084.000 Irán
91%
22° 677.000 Argentina
89%
15° 1.322.000 Catar
89%
11° 1.903.000 México
89%
20° 787.000 Colombia
86%
4.971.000 Canadá
84%
19° 1.040.000 Omán
75%
18° 1.160.00 Argelia
73%
12° 1.897.000 Kazajistán
64%
10° 2.644.000 Kuwait
64%
16° 1.248.000 Libia
64%
13° 1.894.000 Noruega
64%
24° 605.000 Indonesia
55%
14° 1.573.000 Nigeria
52%
23° 647.000 Reino Unido
52%
17° 1.235.000 Angola
43%
25° 601.000 Azerbaiyán
36%
No se encontraron pruebas coincidentes
Distribución de puntuación
Porcentaje de gente con cada puntuación
Porcentaje por número respondido
Historial de tus puntuaciones
No has intentado esta prueba.